| 000 | 00789nam a2200217Ii 4500 | ||
|---|---|---|---|
| 003 | JO-AjNU | ||
| 008 | 230605s9999||||xx |||||||||||||| ||und|| | ||
| 017 | _a1971/3376 | ||
| 040 |
_aJO-AjNU _bara _erda _cJO-AjNU |
||
| 041 | _aara | ||
| 050 | 1 | 4 | _aDT62.A2246 1971 |
| 100 | 3 |
_aتاليف زكي، عبد الرحمن, _eauthor _915866 |
|
| 245 | 0 | 0 | _aقلعة صلاح الدين الأيوبي وما حولها من الآثار |
| 264 | 3 | 1 | _aالقاهرة: الهيئة المصرية العامة للكتاب، 1971 |
| 300 |
_a231ص _bخرائط وصور توضيخية |
||
| 336 |
_atext _btxt _2rdacontent |
||
| 337 |
_aunmediated _bn _2rdamedia |
||
| 338 |
_avolume _bnc _2rdacarrier |
||
| 490 | 0 | _aالمكتبة العربية | |
| 650 | 4 |
_aمصر-اثار -تاريخ _915867 |
|
| 999 |
_aA4579 _c8147 _d8147 |
||